00614nam a2200157Ia 4500003000900000008004100009020002200050040001600072080002200088110003400110245010000144260005400244300001300298650007200311650007300383IN-BaIIA211028s9999 xx 000 0 eng d a978-0-7354-1177-7 cIIA Library a(058)378(73)bGRA aAmerican Institute of Physics 0a2014 Graduate programs in physics, astronomy and related fieldscAmerican institute of physics  aCollege parkbAmerican institute of physicsc2013 av, 728p. aAstronomy - study and teaching (Higher) United States - directories aPhysics - study and teaching (Higher) -- United States - directories